|
|
|
|
| LEADER |
01322nem a2200325 a 4500 |
| 001 |
000593821 |
| 003 |
CZ BrMZK |
| 005 |
20141204101144.0 |
| 007 |
aj|aanzn |
| 008 |
020408s1929 xr a 0 cze d |
| 034 |
1 |
|
|a a
|b 500000
|d E0120358
|e E0243955
|f N0510425
|g N0474223
|
| 040 |
|
|
|a BOA001
|b cze
|c BOA001
|
| 043 |
|
|
|a e-cs---
|
| 072 |
|
7 |
|a 621.3
|x Elektrotechnika
|2 Konspekt
|9 19
|
| 072 |
|
7 |
|a 912
|x Mapy. Atlasy. Glóby
|2 Konspekt
|9 7
|
| 080 |
|
|
|a 621.315
|2 MRF
|
| 080 |
|
|
|a (084.3)
|2 MRF
|
| 245 |
0 |
0 |
|a Elektrisace republiky československé
|h [kartografický dokument] :
|b sítě o vysokém napětí
|
| 255 |
|
|
|a Měřítko 1:1 500 000
|c (012°03´58" v.d.--024°39´55" v.d./051°04´25" s.š.--047°42´23" s.š.)
|
| 260 |
|
|
|a V Praze :
|b Vojenský zeměpisný ústav,
|c [1929?]
|
| 300 |
|
|
|a 1 mapa :
|b čb. ;
|c 35 x 69 cm, složeno na 26 x 18 cm
|
| 500 |
|
|
|a Datováno podle přírůstkového čísla
|
| 650 |
0 |
7 |
|a přenos elektrické energie
|7 ph180761
|2 czenas
|
| 655 |
|
7 |
|a mapy
|7 fd132800
|2 czenas
|
| 651 |
|
7 |
|a Československo
|7 ge131689
|2 czenas
|
| 710 |
2 |
|
|a Vojenský zeměpisný ústav (1945-1951)
|7 ko2005263855
|4 prt
|
| 856 |
4 |
1 |
|u http://www.digitalniknihovna.cz/mzk/uuid/uuid:912a03a3-82e2-4a5b-bf23-2f4ed5f0c300
|y Digitalizovaný dokument
|
| 910 |
|
|
|a BOA001
|b Skř.9A-0109.387
|
| 990 |
|
|
|a MP
|
| 991 |
|
|
|b 201401
|